01072cam a22002895a 4500001000800000005001700008008004100025020001500066020001800081040003300099082002000132100002200152245009100174246004500265260004000310300003500350504005100385650005300436650006400489650004000553651001000593653002300603700003100626942000800657999001700665952010000682308645820171221124047.0980107t1998 maua frb 001 0 eng d a0201339870 a9780201339871 aDLCcDLCdDLCdEG-ScBUEbeng04a658.45222bDAV1 aDavis, Stanley M.10aBlur :bthe speed of change in the connected economy /cStan Davis, Christopher Meyer.3 aSpeed of change in the connected economy aReading :bAddison-Wesley,cc.1998. axiii, 265 p. :bill. ;c24 cm. aIncludes bibliographical references and index. 7aInformation technologyxEconomic aspects.2BUEsh 7aTelecommunicationxTechnological innovations.2BUEsh937168 7aTechnology and civilization.2BUEsh 2BUEsh bGGENcDecember20171 aMeyer, Christopher,d1948- 2ddc c25762d25734 00102ddc4070aMAINbMAINc1STd2017-12-21l0o658.45 DAVp000046967r2025-07-15 00:00:00yBB